<?xml version="1.0" encoding="UTF-8"?>
<record
    xmlns:xsi="http://www.w3.org/2001/XMLSchema-instance"
    xsi:schemaLocation="http://www.loc.gov/MARC21/slim http://www.loc.gov/standards/marcxml/schema/MARC21slim.xsd"
    xmlns="http://www.loc.gov/MARC21/slim">

  <leader>00402nam a2200157Ia 4500</leader>
  <controlfield tag="001">R-1125</controlfield>
  <controlfield tag="003">CODICE-MESSINA</controlfield>
  <controlfield tag="005">20260212102502.0</controlfield>
  <controlfield tag="008">260211s9999    xx            000 0 und d</controlfield>
  <datafield tag="040" ind1=" " ind2=" ">
    <subfield code="c">importazione_messina</subfield>
  </datafield>
  <datafield tag="100" ind1=" " ind2=" ">
    <subfield code="a">Barack Obama</subfield>
  </datafield>
  <datafield tag="245" ind1=" " ind2="0">
    <subfield code="a">L'audacia Della Speranza </subfield>
  </datafield>
  <datafield tag="245" ind1=" " ind2="0">
    <subfield code="b">Il sogno amerocano per un uomo nuovo</subfield>
  </datafield>
  <datafield tag="260" ind1=" " ind2=" ">
    <subfield code="b">Bir Extra Rizzoli</subfield>
  </datafield>
  <datafield tag="942" ind1=" " ind2=" ">
    <subfield code="2">ddc</subfield>
    <subfield code="c">BK</subfield>
  </datafield>
  <datafield tag="999" ind1=" " ind2=" ">
    <subfield code="c">27621</subfield>
    <subfield code="d">27621</subfield>
  </datafield>
  <datafield tag="952" ind1=" " ind2=" ">
    <subfield code="0">0</subfield>
    <subfield code="1">0</subfield>
    <subfield code="2">ddc</subfield>
    <subfield code="4">0</subfield>
    <subfield code="7">0</subfield>
    <subfield code="a">ME</subfield>
    <subfield code="b">ME</subfield>
    <subfield code="d">2026-02-11</subfield>
    <subfield code="l">0</subfield>
    <subfield code="o">SCAFFALE 11 - ROMANZI</subfield>
    <subfield code="p">R-1125</subfield>
    <subfield code="r">2026-02-11 23:52:53</subfield>
    <subfield code="w">2026-02-11</subfield>
    <subfield code="y">BK</subfield>
  </datafield>
  <datafield tag="952" ind1=" " ind2=" ">
    <subfield code="0">0</subfield>
    <subfield code="1">0</subfield>
    <subfield code="2">ddc</subfield>
    <subfield code="4">0</subfield>
    <subfield code="7">0</subfield>
    <subfield code="a">VT</subfield>
    <subfield code="b">VT</subfield>
    <subfield code="d">2026-03-31</subfield>
    <subfield code="e">Dono di Luca Bonomi</subfield>
    <subfield code="i">B613</subfield>
    <subfield code="l">0</subfield>
    <subfield code="o">320.973 OBA AUD</subfield>
    <subfield code="p">B613</subfield>
    <subfield code="r">2026-03-31 19:12:06</subfield>
    <subfield code="w">2026-03-31</subfield>
    <subfield code="y">BK</subfield>
    <subfield code="z">Dono di Luca Bonomi</subfield>
  </datafield>
</record>
